[Event "Bundesliga 0102"]
[Site "Germany"]
[Date "2002.04.28"]
[Round "15.4"]
[White "Hoffmann, Michael"]
[Black "Lobron, Eric"]
[Result "1-0"]
[WhiteElo "2448"]
[BlackElo "2524"]
[Annotator "Ribli,Z"]
[PlyCount "81"]
[EventDate "2001.10.06"]
[EventType "team-tourn"]
[EventRounds "15"]
[EventCountry "GER"]
[SourceTitle "CBM 089"]
[Source "ChessBase"]
[SourceDate "2002.08.12"]
[SourceVersion "1"]
[SourceVersionDate "2002.08.12"]
[SourceQuality "1"]
[WhiteTeam "Castrop Rauxel"]
[BlackTeam "Solingen"]
[WhiteTeamCountry "GER"]
[BlackTeamCountry "GER"]

1. d4 Nf6 2. c4 e6 3. g3 c5 {Das ist eine Einladung zur Benoni-Verteidigung (4.
d5).} 4. Nf3 cxd4 5. Nxd4 d5 {Dieser Zug ist gut spielbar, es gibt aber viele
Alternativen für Schwarz: 5...Qb6, 5...Qc7, 5...a6, 5...Nc6, 5...Bb4.} 6. Bg2
e5 7. Nf3 d4 8. O-O Nc6 9. e3 Bc5 (9... Be7) (9... d3) 10. exd4 Bxd4 {Dieser
Zug wurde erstmals in der Partie Nogueiras,J - Portisch,L Montpellier 1985
gespielt.} (10... exd4 11. Re1+ (11. Nbd2 O-O 12. Nb3 Qb6 13. Re1 Be6 (13...
Bf5 14. Ne5 Rfe8 15. Nxc6 bxc6 16. Bd2 Rxe1+ 17. Bxe1 a5 18. Qd2 a4 19. Nxc5
Qxc5 20. Rd1 Qxc4 21. Qxd4 Qxd4 22. Rxd4 Nd5 23. Rc4 Bd7 24. Bd2 Kf8 25. Be4
Ke7 {1/2-1/2 Nielsen,P-Gustafsson,J/Wattenscheid GER 2002/(34)}) 14. Bg5 Nd7
15. Nxc5 Qxc5 16. Rc1 Bg4 17. Bf4 Rfe8 18. Qb3 Qb6 19. Qxb6 axb6 20. h3 Rxe1+
21. Rxe1 Be6 22. Rd1 Rxa2 23. Nxd4 Nxd4 24. Rxd4 Rxb2 25. Bxb7 h6 26. Bc8 Nc5
27. Be3 {1/2-1/2 Ftacnik,L-Cvitan,O/Leon 2001/CBM 86 (27)}) 11... Be6 12. Ng5
O-O 13. Nxe6 fxe6 14. Nd2 Qb6 15. Nb3 Rad8 16. Rxe6 d3 17. Be3 Bxe3 18. Rxe3
Nb4 $5 19. Re7 Nc6 20. Re3 Nb4 21. Re7 Nc6 {1/2-1/2 Piket,J-Timman,J/Wijk aan
Zee 80/(489) 2001 (21)}) 11. Nxd4 exd4 (11... Nxd4 12. Bg5 O-O 13. Nc3 h6 14.
Bxf6 Qxf6 15. f4 $5 (15. b3 Qg6 16. Re1 f6 (16... Re8 17. Qxd4 exd4 18. Rxe8+
Kh7 19. Nd5 d3 $13) 17. Nd5 Qf7 18. f4 Nc6 19. Qd3 Kh8 20. Rf1 Be6 21. Rae1 Qd7
22. Qe3 Bg4 23. fxe5 Nxe5 {1/2-1/2 Beliavsky,A-Rublevsky,S/Groningen 1997/CBM
63 (36)}) 15... Qb6 16. Rf2 Nc6 17. f5 Rd8 18. Nd5 Qc5 19. f6 g6 20. Rc1 $16 {
1-0 Beliavsky,A-Rublevsky,S/Groningen 1997/CBM 63 (51)}) 12. Re1+ (12. b4 O-O
13. b5 Ne5 14. Bb2 Nxc4 15. Qxd4 Nxb2 16. Qxb2 Qb6 17. Nc3 Bd7 $1 $11 18. Rfd1
Rad8 19. Qb4 Be6 20. h3 h6 {1/2-1/2 Nogueiras,J-Portisch,L/Montpellier 1985/
Candidates (36)}) 12... Be6 13. Qb3 $14 {[%cal Gb3a3][%mdl 4] So lautete
seinerzeit der Vorschlag von GM Portisch. Weiß verfügt über das Läuferpaar und
aktives Figurenspiel. Die Dame strebt nach a3, von wo aus sie Schwarz an der
kurzen Rochade hindern kann.} Qd7 {Schwarz muss den Pb7 verteidigen.} (13...
Qb6 14. Qxb6 (14. Qa3 O-O-O 15. Nd2 Rhe8 $11) 14... axb6 15. Bg5 $14) 14. Bg5 (
14. Qa3 $14) 14... Ng4 (14... O-O 15. Bxf6 gxf6 16. Nd2 $16) 15. Qa3 {[%csl
Ga3][%cal Ga3f8]} h6 (15... f6 16. Bf4 $14) 16. Bf4 Rd8 $6 (16... O-O-O $5 17.
Bxc6 $5 (17. Nd2 g5) (17. c5 Bd5) 17... bxc6 18. Nd2 g5 19. Be5 Rhe8 (19... f6
20. Qa6+ Qb7 21. Qxb7+ Kxb7 22. Bxf6 Nxf6 23. Rxe6 $16) 20. Nb3 (20. Nf3 d3
$132) 20... Bxc4 21. Bxd4 (21. Nc5 $2 Qf5 22. Bxd4 (22. Qxa7 $4 Qxf2+ $19)
22... Rxe1+ 23. Rxe1 Rxd4 24. Re8+ Rd8 $19 (24... Kc7 25. Qa5+ $18)) 21... Bxb3
(21... Rxe1+ 22. Rxe1 Bxb3 23. Re7 $16) 22. Bxa7 Bd5 23. Bb6 $36) 17. Bh3 $1 {
[%csl Re8,Rg4][%cal Ge1e8,Gh3d7]} Nf6 18. Nd2 {Weiß hat aktives Figurenspiel
und die bessere Entwicklung. Der schwarze König steht schlecht in der Mitte.}
Qe7 (18... Nh5 19. Be5 $16) 19. c5 {[%csl Yd6][%cal Gf4d6] Nach diesem Zug
kann Weiß nach d6 eindringen, und das ist mehr als nur unangenehm für Schwarz.}
O-O {Es gibt nichts anderes - Schwarz muss schon die Qualität geben.} 20. Bd6
Qd7 21. Bxe6 fxe6 22. Bxf8 $16 {Weiß hat einfach eine Qualität mehr.} Rxf8 23.
Qb3 Nd5 (23... Ng4 24. f4 Ne3 25. Nc4 $16) 24. Re2 (24. Nc4 $16) 24... Kh8 25.
Nc4 Qf7 (25... Qe7 26. Nd6 $18) 26. Rf1 Qh5 {Angesichts seiner ohnehin schon
schlechten Stellung kümmert sich Schwarz nicht mehr um den Pe6, sondern sucht
Gegenspiel am Königsflügel.} 27. Rxe6 Nf4 28. Re4 (28. gxf4 $2 Qg4+ {[%cal
Rg4e6,Rg4g1]}) 28... d3 (28... Nh3+ 29. Kg2 $18) 29. Nd2 (29. Re3 $16) 29...
Ne5 (29... Nd4 30. Rxf4 $1 (30. Qxb7 $16) 30... Nxb3 (30... Rxf4 31. Qxd3 $18)
31. Rxf8+ $18) 30. Rxf4 Rxf4 31. gxf4 $4 {Weiß hat jetzt zwar einen ganzen
Turm mehr, aber Schwarz kann sich ins Dauerschach retten. Besser wäre es, den
Pb7 zu schlagen.} (31. Qxb7 $18) 31... Qg4+ $4 {[%mdl 8192] Unglaublich! Mit
31...Nf3+ konnte Schwarz einfach das Remis erzwingen.} (31... Nf3+ $1 32. Nxf3
Qg4+ 33. Kh1 Qxf3+ $11) 32. Kh1 $18 Qxf4 (32... Nf3 33. Qd1 $18) 33. Qd5 Ng4 (
33... Qxd2 34. Qxe5 $18) 34. Qd8+ Kh7 35. Qxd3+ Kh8 36. Nf3 (36. Qg3 $18) 36...
Kg8 37. h3 {Weiß hat R+P mehr - Schwarz hätte sich die letzten Züge sparen
können.} Ne5 38. Nxe5 Qxe5 39. Qe3 Qd5+ 40. Kh2 Qxa2 41. Qe8+ 1-0

[Event "RUS-Cup01 Chigorin Memorial"]
[Site "St Petersburg"]
[Date "1997.11.02"]
[Round "2"]
[White "Polovodin, Igor A"]
[Black "Sakaev, Konstantin"]
[Result "1/2-1/2"]
[WhiteElo "2440"]
[BlackElo "2590"]
[Annotator "Ribli,Z"]
[PlyCount "82"]
[EventDate "1997.11.01"]
[EventType "swiss"]
[EventRounds "9"]
[EventCountry "RUS"]
[SourceTitle "CBM 062"]
[Source "ChessBase"]
[SourceDate "1998.01.31"]
[SourceVersion "1"]
[SourceVersionDate "1998.01.31"]
[SourceQuality "1"]

1. d4 Nf6 2. c4 e6 3. Nf3 c5 4. g3 (4. d5 exd5 (4... b5 {So beginnt das ein
wenig verdächtige Blumenfeld-Gambit.Ribli.}) 5. cxd5 d6 6. Nc3 {Dies ist eine
Grundstellung der Benoni-Verteidigung.Ribli.}) 4... cxd4 5. Nxd4 d5 6. Bg2 e5 {
Das ist eine ganz spezielle -halb englische, halb katalanische- Verteidigung.}
7. Nf3 (7. Nb5) (7. Nb3) (7. Nc2) 7... d4 8. O-O (8. Nxe5 $4 Qa5+ $19) 8... Nc6
9. e3 Bc5 (9... d3 {Eine extravagante Fortsetzung, die zu großen
Komplikationen führt.}) (9... Be7) (9... Bg4) 10. exd4 exd4 (10... Bxd4 {
Diese Antwort wurde zuerst vom ungarischen GM Portisch 1995 in Montpellier
gegen Nogueiras gespielt.} 11. Nxd4 Nxd4 12. Bg5 O-O 13. Nc3 h6 14. Bxf6 Qxf6 {
Die Stellung bietet Schwarz gute Ausgleichschancen. Weiß hat das Läuferpaar,
aber Schwarz besitzt mit seinem Nd4 einen starken Stützpunkt.}) 11. Nbd2 {
Dieser Zug gefällt mir nicht. Die Alternative 11.Re1 sieht im Hinblick auf
Eröffnungsvorteil vielversprechender aus.} (11. Re1+ Be6 12. Ng5 O-O 13. Nxe6
fxe6 14. Nd2 {Meiner Meinung nach ist das die für Schwarz gefährlichste
Fortsetzung.} (14. Rxe6 d3 $44 {[%csl Rf2]}) 14... Qd6 15. Ne4 Nxe4 16. Bxe4 h6
(16... Rf7 17. Bf4 e5 18. Bxc6 Qxc6 19. Rxe5 Bb6 20. Qe2 Rc8 21. Rd1 h6 22. b3
Bc5 23. Re6 Qd7 24. h4 Rd8 25. Rd3 a5 26. Qe4 {1-0 Olafsson,H-Kengis,E/Viking
op 1997 (33)}) 17. Bd3 (17. Qh5) 17... Rf6 18. a3 a5 19. Qe2 a4 20. Bd2 Bb6 21.
Bf4 Qd7 22. Qe4 g5 23. Bd2 Ba5 24. Rad1 Bxd2 25. Rxd2 Ra5 26. f4 gxf4 27. gxf4
Kf8 28. Rg2 Raf5 29. Rf1 Qf7 30. Rgf2 Ke7 31. Kh1 Kd8 $13 {~~ Ehlvest,
J-Topalov,V/Novgorod 1995}) 11... O-O 12. Nb3 Qb6 13. Nxc5 (13. Bg5 Ne4 14. Bf4
Bg4 (14... Re8 15. Re1 Bg4 16. h3 Bh5 17. g4 Bg6 18. Nh4 d3 19. Nxc5 Qxc5 20.
Be3 (20. Re3 Nxf2 21. Kxf2 Qd4 22. Nxg6 fxg6 23. Bg5 Rxe3 24. Bxe3 Rf8+ 25. Bf3
Qxb2+ 26. Kg3 Qe5+ 27. Kg2 Qxe3 {0-1 Lukov,V-Magerramov,E/Luxembourg op 1990/
EXT 90op2 (36)}) 20... Qxc4 21. Nxg6 hxg6 22. Qb3 Qxb3 23. axb3 f5 24. Red1
Rad8 25. Bf1 Ne5 26. Rxa7 Nf3+ 27. Kg2 Nh4+ {Jussupow,A-Lobron,E/Indonesia
1983/MCD-r8/0-1 (40)}) 15. Qd3 Rae8 16. a3 Bh5 17. Rae1 Bg6 18. Qd1 d3 19. Nxc5
Qxc5 20. Nh4 Qxc4 21. Nxg6 hxg6 22. Re3 Nc5 23. b3 Qc3 {0-1 Hodgson,J-Ulibin,M/
Leeuwarden op 1994 (58)}) (13. Bf4 Re8 14. Nxc5 Qxc5 15. Nd2 h6) 13... Qxc5 $11
{Weiß hat das Läuferpaar, aber der schwarze Freibauer ist sehr stark und die
schwarzen Figuren stehen gut.} 14. b3 Bf5 {Der schwarze Plan ist klar: Rad8,
Rfe8 und nach Möglichkeit mit dem d-Bauern vorstoßen.} 15. Nh4 (15. Bb2 Rad8
16. Re1 h6 17. Qc1 Rfe8 18. Qf4 Rxe1+ 19. Rxe1 Bc2 20. h3 a5 21. Rc1 Be4 22.
Rd1 a4 {1/2-1/2 Orlov,G-Budnikov,A/Leningrad-chT 1989/TD 89\09}) 15... Bg4 $5 {
Schwarz provoziert den Zug 16.f2-f3, wonach der Bg2 eingeschlossen ist.} 16.
Qd2 Rfe8 (16... Rad8 17. f3 Bc8) 17. f3 Bd7 18. Bb2 h6 {Das ist nicht nur ein
kleiner Sicherungszug, es droht auch der brutale Springerfang mit 19...g5.} 19.
f4 $8 {Verhindert 19...g7-g5, überläßt Schwarz jedoch das Feld g4 und schwächt
das Feld e3.} Ng4 $15 {[%csl Re3][%cal Rg4e3]} 20. Bf3 Ne3 21. Rf2 {Das ist
besser als 21.Rfe1, wonach der andere Turm keinen guten Platz findet.} Rad8 22.
Re1 Bg4 23. Rfe2 (23. Bxg4 Nxg4 24. Rff1 d3+ $17) 23... h5 (23... d3 $2 {
Das ist immer ein gefährliches Motiv, das jetzt jedoch nicht funktioniert.} 24.
Rxe3 Rxe3 25. Rxe3 Qxe3+ 26. Qxe3 Bxf3 27. Nxf3) 24. Rf2 a5 {Schwarz
verbessert seine Stellung Schritt für Schritt. Der Stolz der schwarze
nStellung - der Ne3 - ist unantastbar.} 25. Bxc6 {Weiß befindet sich - im
Prinzip - im Zugzwang.} bxc6 (25... Qxc6 26. Bxd4) 26. Nf3 Bxf3 $5 (26... Nf5
27. Rxe8+ Rxe8 28. Bxd4 (28. Nxd4 Rd8 29. Ne6 Rxd2 (29... Qxf2+ 30. Qxf2 Rd1+
31. Kg2 fxe6 32. h3 $18) 30. Nxc5 Rd1+ (30... Be2) 31. Rf1 (31. Kg2 Ne3#) 31...
Rd2 $11) 28... Nxd4 29. Qxd4 (29. Nxd4 Rd8 30. Ne6 Rxd2 (30... Qxf2+ $2 31.
Qxf2 Rd1+ 32. Kg2 $16) 31. Nxc5 $14) 29... Re1+ 30. Rf1 (30. Kg2 $4 Bxf3+ $19))
27. Rxf3 d3 {Schwarz spielt auf sofortigen Gewinn.} (27... Nf5 $5 $15) 28. Kh1
(28. Rfxe3 Rxe3 29. Rxe3 Qxe3+ 30. Qxe3 d2 $17 {[%cal Rd2d1]}) 28... Ng4 29.
Bc3 $1 Rxe1+ 30. Qxe1 Qd6 {Schwarz bereitet 31...c5 mit der Idee vor, die Dame
auf der großen Diagonale zu postieren.} (30... Qa3 31. Qd2) 31. Qd2 (31. Bd2 c5
{[%cal Gd6c6,Gc6h1]}) 31... c5 (31... Re8 32. Be5 (32. h3 Re2 $19) (32. Rf1 Re2
$19) (32. Kg1 Qc5+ 33. Kh1 Re2 34. Qxd3 Rxh2#) 32... Nxe5 33. fxe5 Rxe5 34.
Rxd3 $11 (34. Qxd3 Re1+ 35. Kg2 Qxd3 36. Rxd3 Re2+ $15)) 32. Kg1 Rd7 33. h3 $22
{Weiß hat eine gute Verteidigungsstellung, aber wie läßt sich seine Stellung
verbessern? Seine Figuren - besonders der Bc3 - stehen relativ gut, aber was
fehlt, ist ein guter Plan.} Nh6 34. Bxa5 Qd4+ {Der Pa5 war nicht von Bedeutung,
so läuft der schwarze Angriff weiter.} 35. Kh2 Nf5 36. Bc3 (36. g4 Nh4 {
[%csl Rh2,Gh4]}) 36... Qe4 37. Rf2 h4 {Schwarz hat volle Kompensation für das
geopferte Material.} 38. gxh4 (38. g4 Ng3 {[%cal Re4h1]} 39. Rg2 $2 Nf1+ $19)
38... Nxh4 39. Kg3 $6 (39. Qe1 $8) 39... Nf5+ (39... Rd6 40. Kxh4 Rg6 {Es
scheint, als befände sich der weiße König im Mattnetz, aber Weiß kann das
Unheil noch abwenden.} 41. Qe1 (41. Be5 Rg1 $19 {[%cal Re4h7,Rh7h4]}) 41... Qf5
{[%cal Rg6h6,Rh6h3]} 42. Qf1 (42. Rf3 Rh6+ $40 (42... Rg2 43. Qe8+ Kh7 44. Qe5)
)) 40. Kh2 Nh4 41. Qe1 $1 Nf3+ {Und hier einigte man sich auf remis. Schwarz
hat Dauerschach.Ribli.} (41... Nf3+ 42. Rxf3 Qxf3 43. Qe8+ Kh7 44. Qxd7 Qf2+
45. Kh1 Qf1+ $11) 1/2-1/2

[Event "EU-chT (Men) 11th"]
[Site "Pula"]
[Date "1997.05.??"]
[Round "8.4"]
[White "Haba, Petr"]
[Black "Dizdarevic, Emir"]
[Result "0-1"]
[WhiteElo "2520"]
[BlackElo "2540"]
[Annotator "Ribli,Z"]
[PlyCount "118"]
[EventDate "1997.05.05"]
[EventType "team-swiss"]
[EventRounds "9"]
[EventCountry "CRO"]
[SourceTitle "CBM 057 Extra"]
[Source "ChessBase"]
[SourceDate "1997.05.01"]
[SourceVersion "1"]
[SourceVersionDate "1997.05.01"]
[SourceQuality "1"]
[WhiteTeam "Czech Republic"]
[BlackTeam "Bosnia&Herzegovina"]
[WhiteTeamCountry "CZE"]
[BlackTeamCountry "BIH"]

1. d4 {Hecht} Nf6 2. c4 e6 3. g3 Bb4+ 4. Nd2 {Üblicher ist 4.Bd2, da der
Springer oft nicht gut auf d2 steht.Ribli.} d5 5. Ngf3 (5. Bg2 Nc6 (5... c5 6.
Ngf3 (6. dxc5 Bxc5 7. Nb3 Bb6 8. cxd5 exd5 9. Nh3 Bxh3 10. Bxh3 Nc6 11. O-O O-O
12. Bg5 h6 13. Bxf6 Qxf6 14. Qxd5 Rad8 {1/2-1/2 Kuzmin,G-Lerner,K/URS-FL
Kharkov 1985 (20)}) 6... Nc6 7. cxd5 exd5 8. a3 Bxd2+ 9. Bxd2 cxd4 10. Qb3 Ne4
11. O-O O-O 12. Rfd1 Re8 13. Rac1 {1-0 Nedobora,M-Ehlvest,J/Sevilla op 1994 
(21)}) (5... O-O 6. Qb3 Nc6 7. Ngf3 dxc4 8. Qxc4 Qd5 9. O-O Bxd2 10. Qxd5 exd5
11. Bxd2 Re8 12. e3 Ne4 13. Rfc1 a5 14. Be1 Re7 15. Nd2 Nf6 16. Nb3 Bf5 17.
Rxc6 bxc6 18. Nxa5 {Nikolaidis,I-Gausel,E/Erevan olm 1996/1-0 (43)}) 6. cxd5 (
6. Ngf3 dxc4 7. O-O $44) 6... exd5 7. Ngf3 O-O 8. O-O Ne7 (8... Re8 9. Nb3 Qe7
10. a3 Bd6 11. Re1 Ne4 12. Be3 Nd8 {Piket,J-Gurevich,M/Linares zt 1995/1-0 (65)
}) 9. Ne5 c6 10. Ndf3 Nf5 11. Bg5 Be7 12. Bxf6 Bxf6 13. e3 {1/2-1/2 Haba,
P-Mokry,K/CZE-ch 1994}) 5... Nc6 (5... c5 $5) (5... dxc4 6. Qc2 Qd5 (6... b5 7.
a4 c6 8. Bg2 Bb7 9. O-O Nbd7 10. b3 cxb3 11. Nxb3 O-O 12. Bd2 Bxd2 13. Nfxd2 b4
14. Nc4 Qc7 15. Nca5 $44 {1-0 Kurass-Panchenko/Kiev 1986 (34)}) 7. Bg2 c5 8.
O-O Nc6 9. Nxc4 O-O 10. a3 Ba5 11. dxc5 Bc7 12. b4 {1-0 Kuzmin,G-Galdunts,S/
Moscow GMA-op 1989 (29)}) 6. Qc2 dxc4 7. Qxc4 (7. Bg2 $5 b5 8. a4 Bb7 9. e3 a6
10. O-O Be7 11. b3 Nb4 12. Qb2 c5 13. bxc4 cxd4 14. Qxd4 Qc7 15. Qe5 Bd6 16.
Qg5 O-O 17. axb5 axb5 18. Bb2 {Alburt,L-Christiansen,L/USA-ch m 1990/1-0 (65)})
7... Qd5 {Stünde der Läufer anstelle des Springers auf d2, dann hätten wir
eine aus der Theorie bekannte Stellung auf dem Brett (Bogoindische
Verteidigung).Ribli.} 8. Qxd5 (8. Qd3 Qe4) 8... exd5 9. Bg2 $11 {Wir haben
eine asymetrische Bauernverteilung vor uns. Nun beginnt -verstärkt noch durch
den Damentausch- ein positioneller Kampf. Meiner Meinung nach ist die Stellung
ausgeglichen.Ribli.} Ne4 10. a3 (10. e3) (10. O-O Nxd2 11. Bxd2 Bxd2 12. Nxd2
Nxd4) 10... Nxd2 11. Bxd2 (11. axb4 $2 Nb3 (11... Nxf3+ 12. Bxf3 Nxd4)) (11.
Nxd2 Nxd4 $5 {Das ist vielleicht die beste Möglichkeit.Ribli.} (11... Bxd2+ 12.
Bxd2 Nxd4 13. Rc1 c6) 12. axb4 Nc2+ 13. Kd1 Nxa1 14. b3 a5 {[%cal Ga8a1]} (
14... Bf5 15. Bb2 Bc2+ (15... Nc2 16. e4) 16. Kc1) 15. b5 a4 $17) 11... Bd6 12.
Bf4 {Das ist ein typisches Motiv in der Katalanischen Verteidigung. Weiß nimmt
einen Doppelbauern auf sich. Der ist aber nicht schwach, sondern verstärkt die
Kontrolle über den Punkt e5. Ribli.} (12. O-O $11) (12. b4) 12... Bxf4 13. gxf4
{[%csl Ge5]} Ne7 $1 {Natuerlich muss Schwarz so spielen. Sonst kommt Weiß mit
14.Rcl, und der Springer steht schlecht auf c6. Ribli.} (13... Ne5) 14. e3 c6 {
Schwarz hat eine massive Bauerstruktur,und er hat keine Probleme.Ribli.} 15.
Ne5 Bf5 16. Kd2 Nc8 $1 {[%cal Gc8d6] Der Springer zielt nach d6, wo er
ausgezeichnet steht.Ribli.} 17. b3 Nd6 {[%csl Gd6,Ge4] Der Springer
kontrolliert von d6 aus alle wichtigen Punkte. Ribli.} 18. f3 f6 $15 {Schwarz
hat keine Schwächen, seine Bauernstruktur ist gesünder als die des Weißen.
Ribli.} 19. Nd3 (19. Ng4 Bxg4 20. fxg4 Kd7 {[%csl Re4]}) 19... Bxd3 20. Kxd3 f5
{Die Schwäche des Punktes e5 hat keine Bedeutung, da Weiß keinen Springer mehr
besitzt. Schwarz kann langsam eine Aktion am Königsflügel vorbereiten. Ribli.}
21. Rhc1 $6 {Später wird dieser Turm am Königsflügel fehlen. Der Zug hat,
glaube ich, auch gar eine konkrete Idee. Noch war es nicht zu spät, die beste
Verteidigung am Königsflügel zu organisieren. Ribli.} (21. Kd2 {[%cal Yg2f1,
Yf1d3]}) 21... Kf7 22. Ke2 Rhe8 {[%cal Ye8e6,Ye6h6]} 23. Kf2 Re6 24. Bf1 Rg8
25. h4 $2 {Das ist eine neue Schwächung ohne jede Kompensation. Die Drohung
g7-g5 war nicht so gefährlich, um eine so riskante Verteidigung zu
rechtfertigen. Ribli.} Rh6 26. Kg3 Re8 {[%csl Re3][%cal Ye8e6,Ye6g6,Re8e3]} 27.
Re1 Ree6 28. Bd3 (28. Ra2) 28... Rh5 29. a4 (29. Ra2 Rg6+ 30. Kh3 Rgh6 {
[%csl Rh4]}) 29... Rg6+ 30. Kf2 Rxh4 31. Rh1 Rgh6 32. Rxh4 Rxh4 {Hecht: Labile
weiße Bauernstruktur; wirkungsloser Läufer; schwarzer Randfreibauer.} 33. Kg3 (
33. Kg2 a5 {[%csl Gb4]}) 33... Rh6 {Schwarz steht vorteilhaft, aber es ist
nicht so leicht seine Bauernmehrheit zu verwerten. Ribli.} 34. b4 Re6 {Nachdem
der Turm den weißen h-Bauern gewonnen hat, er steht er am Königsflügel nicht
mehr richtig. Ribli.} 35. Kf2 Re8 36. Re1 Ke6 37. Rh1 Rh8 {Schwarz unternimmt
nichts, er wartet. Weiß verliert die Nerven, und beginnt eine Aktion am
Damenflügel. Das wird vorteilhaft enden - für Schwarz. Ribli.} 38. b5 $6 {
Es wäre besser, am Damenfluegel nicht zu machen. Weiß schwächt seine
Bauernstellung selbst. Ribli.} Kd7 39. Rc1 g6 40. Rc5 Rc8 41. bxc6+ bxc6 42.
Ra5 Ra8 {Weiß besitzt nur scheinbar die Aktivitat, in Wirklichkeit hat nur
Schwarz Chancen, auch am Damenflügel.Ribli.} 43. Rc5 Rb8 44. Ra5 Rb7 $17 {
[%cal Gb7b1] Schritt für Schritt geht Schwarz voran. Dank der weißen Aktion im
38.Zug hat Schwarz jetzt die offene b-Linie. Ribli.} 45. Ba6 Rb4 46. Be2 Nc8
47. e4 {Weiß versteht, daß er normaleweise verloren ist. Deshalb beginnt er im
Trüben zu fischen. Ribli.} (47. Ba6 Nb6 {[%csl Ra4]}) 47... dxe4 48. fxe4 Rxd4
49. exf5 Rxf4+ 50. Kg3 g5 (50... Rxf5 $2 51. Bg4 {[%cal Rg4d7]}) 51. Bg4 (51.
f6 Rxf6 52. Rxg5 Rg6 $17) 51... Kc7 52. Re5 Nd6 53. Bh3 (53. f6 Rxf6 54. Rxg5
Ne4+ $19) 53... h5 $19 {Die zwei verbundenen schwarzen Freibauern machen die
weiße Königsstellung unsicher. Ribli.} 54. a5 h4+ 55. Kh2 g4 {[%csl Rh2]} 56.
Bg2 Nxf5 57. Re6 h3 {Schwarz kann großzügig etwas Material zurückgeben, er hat
genügend davon. Ribli.} (57... Nd4) 58. Rxc6+ Kd7 59. Ra6 Rf2 {Weiß ist nicht
nur gegen die schwarzen Freibauern machtlos, sondern sein König befindet sich
auch noch im Mattnetz. Deshalb gab er nicht zu früh auf. Ribli.} 0-1

[Event "Athens Akropolis 15th"]
[Site "Athens"]
[Date "1992.05.22"]
[Round "8"]
[White "Wojtkiewicz, Aleksander"]
[Black "Skembris, Spyridon"]
[Result "1/2-1/2"]
[WhiteElo "2495"]
[BlackElo "2530"]
[Annotator "Ribli,Z"]
[PlyCount "46"]
[EventDate "1992.05.14"]
[EventType "tourn"]
[EventRounds "9"]
[EventCountry "GRE"]
[EventCategory "8"]
[SourceTitle "CBM 030"]
[Source "ChessBase"]
[SourceDate "1992.10.01"]
[SourceVersion "1"]
[SourceVersionDate "1992.10.01"]
[SourceQuality "1"]

1. Nf3 d5 2. c4 e6 3. g3 c6 4. Qc2 Nf6 5. Bg2 Bd6 6. d4 O-O 7. O-O Nbd7 {
-> E 01} 8. Bf4 $6 (8. Nbd2 $1 e5 $6 (8... Re8 $5) 9. cxd5 cxd5 10. dxe5 Nxe5
11. Nxe5 Bxe5 12. Nf3 Bd6 13. Be3 Be6 14. Rfd1 Rc8 15. Qd3 $14 {Nejstadt-Blok
corr 1981/83}) 8... Bxf4 9. gxf4 Ne4 10. Nc3 Nd6 11. c5 Nf5 12. b4 b6 13. Rfd1
(13. Rfb1 $5) 13... Qc7 14. e3 a5 15. a3 Bb7 16. Bh3 g6 17. Rdc1 b5 18. bxa5
Rxa5 19. Ra2 Rfa8 20. Rca1 Qd8 21. Bxf5 exf5 22. a4 bxa4 23. Rxa4 Rxa4 1/2-1/2